Estética de las proporciones en la naturaleza y en las artes

Guardat en:
Dades bibliogràfiques
Autor principal: Ghyka, Matila Costiescu (Autor)
Format: Llibre
Idioma:espanyol
Publicat: Buenos Aires Poseidón 1953
Matèries:
Etiquetes: Afegir etiqueta
Sense etiquetes, Sigues el primer a etiquetar aquest registre!

MARC

LEADER 00000nam a2200000 a 4500
001 UCV7782
003 CL-VaPUC
008 890816e19530000AG |||||||||||||||||spa|d
082 0 4 |a 729.13  |b GHY  |2 21 
100 |a Ghyka, Matila Costiescu  |e author  |9 450732 
245 1 0 |a Estética de las proporciones en la naturaleza y en las artes 
300 |a 266 p 
942 |c BK 
945 |d 19890816 00:00:00 
260 |a Buenos Aires  |b Poseidón  |c 1953 
500 |a Título original: Esthétique des proportions dans la nature et dans les arts. 
650 7 |a PROPORCION  |2 CL-VaPUC  |9 265550 
650 0 |a Arte  |9 265238 
583 |a last modification  |c 20150625 09:26:33  |k Rodrigo Vera 
999 |c 213409  |d 213407 
952 |0 0  |1 0  |4 0  |6 729_130000000000000_GHY_1953  |7 0  |8 P  |9 195766  |a BIBARQ  |b BIBARQ  |d 2019-11-14  |i 2637596  |o 729.13 GHY 1953  |p 2637596  |r 2025-01-20  |w 2019-11-14  |y BK  |k ARQ